| 000 | 00821cam a2200265 i 4500 | ||
|---|---|---|---|
| 999 |
_c124873 _d124873 |
||
| 001 | 991060546975106706 | ||
| 003 | ES-BaBAB | ||
| 005 | 20260410163431.0 | ||
| 008 | 220530s2022 spc|||| |||| 0|0 h cat| | ||
| 015 |
_aLL2022 _2bnc |
||
| 017 |
_aDL B 7899-2022 _bBiblioteca de Catalunya |
||
| 020 | _a9788412538403 | ||
| 040 |
_aES-BaBC _bcat _erda _cES-BaBC |
||
| 080 | _a821.134.1'06-9 | ||
| 100 | 1 |
_aNubla, Víctor _d1956-2020 _eautor _915864 |
|
| 245 | 1 | 0 |
_aBiografies il·lustres de personatges breus / _cVíctor Nubla |
| 250 | _aPrimera edició | ||
| 264 | 1 |
_aBarcelona : _bEd. Males Herbes, _c2022 |
|
| 300 |
_a117 pàgines ; _c17 cm |
||
| 336 |
_atext _btxt _2rdacontent |
||
| 337 |
_asense mediació _bn _2rdamedia |
||
| 338 |
_avolum _bnc _2rdacarrier |
||
| 490 | 1 |
_aDistorsions ; _v93 |
|
| 830 | 0 |
_aDistorsions _v93 _9210195 |
|
| 908 |
_aBC _aBAB |
||
| 940 | _aBC | ||
| 942 |
_2udc _cLIB _04 |
||